|
|
|
|
| LEADER |
02665nam a2200361 a 4500 |
| 001 |
15158522 |
| 003 |
BD-DhAAL |
| 008 |
091103s2009 ohua b 001 0 eng d |
| 010 |
|
|
|a 2008921832
|z 2007942361
|
| 020 |
|
|
|a 9780324585483 (student ed. package)
|
| 020 |
|
|
|a 0324585489 (student ed. package)
|
| 020 |
|
|
|a 9780324660401 (student ed.)
|
| 020 |
|
|
|a 0324660405 (student ed.)
|
| 040 |
|
|
|a DLC
|c DLC
|d DLC
|d BD-DhAAL
|
| 082 |
0 |
0 |
|a 330.01/5195
|2 22
|
| 100 |
1 |
|
|a Wooldridge, Jeffrey M.,
|d 1960-
|9 26557
|
| 245 |
1 |
0 |
|a Introductory econometrics :
|b a modern approach /
|c Jeffrey M. Wooldridge.
|
| 250 |
|
|
|a Forth edition.
|
| 260 |
|
|
|a Mason, OH :
|b South Western, Cengage Learning,
|c c2009.
|
| 300 |
|
|
|a xx, 865 pages :
|b illustrations ;
|c 25 cm.
|
| 500 |
|
|
|a International Student Edition.
|
| 504 |
|
|
|a Includes bibliographical references and index.
|
| 526 |
|
|
|x Fahmida Saadia Rahman
Senior Lecturer
ESS
Course name and no. N/A
|
| 541 |
1 |
|
|a Essence science publication
|e 00019470
|
| 650 |
|
0 |
|a Econometrics.
|9 26558
|
| 852 |
4 |
|
|a Ayesha Abed Library
|j General Shelf.
|
| 942 |
0 |
0 |
|0 2
|2 ddc
|c BK
|
| 999 |
|
|
|c 5079
|d 5079
|
| 952 |
|
|
|0 0
|1 4
|2 ddc
|4 0
|6 330_015195000000000_WOO
|7 0
|9 4928
|a BRACUL
|b BRACUL
|c GEN
|d 2009-11-02
|e Essence science publication
|g 4002.00
|l 0
|o 330.015195 WOO
|p 3010019470
|r 2009-11-03
|t 1
|v 8004.00
|w 2009-11-03
|y BK
|x Koha Inventory 2020. Requisitioned by Fahmida Saadia Rahman Department of ESS. Course name and no. N/A
|
| 952 |
|
|
|0 0
|1 0
|2 ddc
|4 0
|6 330_015195000000000_WOO_2009
|7 0
|9 4929
|a BRACUL
|b BRACUL
|c GEN
|d 2009-11-02
|e Essence science publication
|g 4002.00
|l 11
|m 122
|o 330.015195 WOO
|p 3010019468
|r 2025-07-03
|s 2024-11-13
|t 2
|v 8004.00
|w 2009-11-03
|y BK
|x Requisitioned by Fahmida Saadia Rahman Department of ESS. Course name and no. N/A
|
| 952 |
|
|
|0 0
|1 0
|2 ddc
|4 0
|6 330_015195000000000_WOO_2009
|7 0
|9 4930
|a BRACUL
|b BRACUL
|c GEN
|d 2009-11-02
|e Essence science publication
|g 4002.00
|l 19
|m 136
|o 330.015195 WOO
|p 3010019472
|r 2025-02-12
|s 2025-02-10
|t 3
|v 8004.00
|w 2009-11-03
|y BK
|x Requisitioned by Fahmida Saadia Rahman Department of ESS. Course name and no. N/A
|
| 952 |
|
|
|0 0
|1 4
|2 ddc
|4 0
|6 330_015195000000000_WOO
|7 0
|9 4931
|a BRACUL
|b BRACUL
|c GEN
|d 2009-11-02
|e Essence science publication
|g 4002.00
|l 0
|o 330.015195 WOO
|p 3010019471
|r 2009-11-03
|t 4
|v 8004.00
|w 2009-11-03
|y BK
|x Koha Inventory 2020. Requisitioned by Fahmida Saadia Rahman Department of ESS. Course name and no. N/A
|
| 952 |
|
|
|0 0
|1 0
|2 ddc
|4 0
|6 330_015195000000000_WOO_2009
|7 0
|9 4932
|a BRACUL
|b BRACUL
|c GEN
|d 2009-11-02
|e Essence science publication
|g 4002.00
|l 15
|m 147
|o 330.015195 WOO
|p 3010019469
|r 2026-05-07
|s 2025-07-10
|t 5
|v 8004.00
|w 2009-11-03
|y BK
|x Requisitioned by Fahmida Saadia Rahman Department of ESS. Course name and no. N/A
|